Statistics for Books to Author

Click here to take the quiz!

General Stats

  • This quiz has been taken 84 times
  • The average score is 12 of 18

Answer Stats

BookAuthor% Correct
Animal Farm, Nineteen Eighty-Four, Homage to CataloniaGeorge Orwell
100%
Jane Eyre, Villette, EmmaCharlotte Brontë
99%
Persuasion, Emma , Northanger AbbeyJane Austen
94%
Anna Karenina, War and Peace, The Death of Ivan IlyichLeo Tolstoy
94%
Murder on the Orient Express, The Murder of Roger Ackroyd, Death on the NileAgatha Christie
93%
Don Quixote, Novelas ejemplares, Los trabajos de Persiles y SigismundaMiguel de Cervantes
93%
The Red Pony, Of Mice and Men , The Grapes of WrathJohn Steinbeck
90%
The Chronicles of Narnia, Mere Christianity, The Allegory of LoveC.S.Lewis
83%
Mrs Dalloway, A Room of One’s Own, To the LighthouseVirginia Woolf
81%
Big Sur, On the Road, The Dharma BumsJack Kerouac
69%
Jazz, God Help the Child, BelovedToni Morrison
61%
More Pricks Than Kicks, Waiting for Godot, Malone DiesSamuel Beckett
59%
The Joy Luck Club, The Hundred Secret Senses, Saving Fish from DrowningAmy Tan
57%
The Second Sex, When Things of the Spirit Come First, The Ethics of AmbiguitySimone de Beauvoir
41%
A Thousand Splendid Suns, The Kite Runner, And the Mountains EchoedKhaleid Hosseini
39%
The Left Hand of Darkness, Always Coming Home, Earthsea seriesUrsula K. Le Guin
31%
The God Delusion, The Selfish Gene, The Blind WatchmakerRichard Dawkins
30%
The Grass Is Singing, The Golden Notebook, The Good TerroristDoris Lessing
17%

Score Distribution

Percentile by Number Answered

Percent of People with Each Score

Your Score History

You have not taken this quiz